Police Academy Movies Quiz Stats

 Plays Quiz Updated Mar 13, 2020

Support Sporcle.
Go Orange.
Score 0/7 Timer 03:00
0 Plays Today
Year Movie % Correct
1984Police Academy
90.2%
1987Police Academy 4: Citizens on Patrol
61.6%
1994Police Academy 7: Mission to Moscow
40.8%
1986Police Academy 3: Back in Training
37.7%
1985Police Academy 2: Their First Assignment
29.2%
1989Police Academy 6: City Under Siege
25.1%
1988Police Academy 5: Assignment Miami Beach
24.5%

From the Vault

White Flags by Continent Blitz

by jackaronson23

Geography 30s
Will you get all of these correct, or will you need to wave the white flag?
Remove Ads.
Support Sporcle.
Get the best of Sporcle when you Go Orange. This ad-free experience offers more features, more stats, and more fun while also helping to support Sporcle. Thank you for becoming a member.

Show Comments

Extras

Top Quizzes Today


Score Distribution

Your Account Isn't Verified!

In order to create a playlist on Sporcle, you need to verify the email address you used during registration. Go to your Sporcle Settings to finish the process.

Report this User

Report this user for behavior that violates our Community Guidelines.

Details: